LIBRARY & INFORMATION CENTRE, KCAET, TAVANUR

ONLINE PUBLIC ACCESS CATALOGUE (OPAC)

Indian labour movement: A survey / (Record no. 10375)

MARC details
000 -LEADER
fixed length control field 00446cam a2200181ua 4500
041 ## - LANGUAGE CODE
Language code of text/sound track or separate title eng
082 ## - DEWEY DECIMAL CLASSIFICATION NUMBER
Classification number 331.8
Item number MAL/IN
100 ## - MAIN ENTRY--AUTHOR NAME
Personal name Malhothra, .
245 ## - TITLE STATEMENT
Title Indian labour movement: A survey /
260 ## - PUBLICATION, DISTRIBUTION, ETC. (IMPRINT)
Place of publication New Delhi :
Name of publisher S.Chand and Co ,
Year of publication 1963.
300 ## - PHYSICAL DESCRIPTION
Number of Pages 218 ; .
700 1# - ADDED ENTRY--PERSONAL NAME
Personal name Premchand, .
942 ## - ADDED ENTRY ELEMENTS (KOHA)
Koha item type Books
Holdings
Withdrawn status Lost status Damaged status Home library Current library Date acquired Full call number Accession Number Koha item type
Withdrawn     KAUAET Sanskrit University 07/04/2012 331.8 10506 Books
free website counter